<?xml version="1.0" encoding="UTF-8"?><marc:collection xmlns:marc="http://www.loc.gov/MARC21/slim">
  <marc:record>
    <marc:leader>00000nam##2200000za#4500</marc:leader>
    <marc:controlfield tag="001">9.605993</marc:controlfield>
    <marc:controlfield tag="003">CaOODSP</marc:controlfield>
    <marc:controlfield tag="005">20210624212411</marc:controlfield>
    <marc:controlfield tag="007">cr |||||||||||</marc:controlfield>
    <marc:controlfield tag="008">150406|1999||||xxc|||||o    f|0| 0 fre|d</marc:controlfield>
    <marc:datafield tag="040" ind1=" " ind2=" ">
      <marc:subfield code="a">CaOODSP</marc:subfield>
      <marc:subfield code="b">fre</marc:subfield>
    </marc:datafield>
    <marc:datafield tag="043" ind1=" " ind2=" ">
      <marc:subfield code="a">n-cn---</marc:subfield>
    </marc:datafield>
    <marc:datafield tag="086" ind1="1" ind2=" ">
      <marc:subfield code="a">En133-5/8-1999F-PDF</marc:subfield>
    </marc:datafield>
    <marc:datafield tag="110" ind1="2" ind2=" ">
      <marc:subfield code="a">Table ronde nationale sur l'environnement et l'économie (Canada)</marc:subfield>
    </marc:datafield>
    <marc:datafield tag="245" ind1="1" ind2="0">
      <marc:subfield code="a">Possibilité d'ajouter à un programme national d'échange de droits d'émission des sources d'émissions de GES qui ne proviennent pas de la combustion / </marc:subfield>
      <marc:subfield code="h">[ressource électronique]</marc:subfield>
      <marc:subfield code="c">Préparé par Cheminfo Services Inc. </marc:subfield>
    </marc:datafield>
    <marc:datafield tag="260" ind1=" " ind2=" ">
      <marc:subfield code="a">Ottawa - Ontario : </marc:subfield>
      <marc:subfield code="b">Table ronde nationale sur l'environnement et l'économie </marc:subfield>
      <marc:subfield code="c">Janvier 1999.</marc:subfield>
    </marc:datafield>
    <marc:datafield tag="300" ind1=" " ind2=" ">
      <marc:subfield code="a">87p.</marc:subfield>
      <marc:subfield code="b">références, tableaux</marc:subfield>
    </marc:datafield>
    <marc:datafield tag="490" ind1="1" ind2=" ">
      <marc:subfield code="a">Droits d'échange d'émission nationaux des gaz à effet de serre, série de documents techniques</marc:subfield>
    </marc:datafield>
    <marc:datafield tag="500" ind1=" " ind2=" ">
      <marc:subfield code="a">«Ce document [...] a pour but d'évaluer les types de programmes nationaux d'échange de droits d'émissions de GES non liées à la combustion. [...] Les 15 secteurs de sources d'émissions abordés dans ce document représentent environ 99 p. 100 des émissions de GES attribuables à des sources non liées à la combustion dans l'inventaire des gaz à effet de serre de 1995 préparé par Environnement Canada.»--Introduction.</marc:subfield>
    </marc:datafield>
    <marc:datafield tag="520" ind1="3" ind2=" ">
      <marc:subfield code="a">Ce document [...] a pour but d'évaluer les types de programmes nationaux d'échange de droits d'émissions de GES non liées à la combustion. [...] Les 15 secteurs de sources d'émissions abordés dans ce document représentent environ 99 p. 100 des émissions de GES attribuables à des sources non liées à la combustion dans l'inventaire des gaz à effet de serre de 1995 préparé par Environnement Canada.--Introduction</marc:subfield>
    </marc:datafield>
    <marc:datafield tag="590" ind1=" " ind2=" ">
      <marc:subfield code="a">13-19-Supp</marc:subfield>
      <marc:subfield code="b">2013-08-14</marc:subfield>
    </marc:datafield>
    <marc:datafield tag="691" ind1="0" ind2="7">
      <marc:subfield code="a">Effet de serre</marc:subfield>
      <marc:subfield code="2">gcpds</marc:subfield>
    </marc:datafield>
    <marc:datafield tag="691" ind1="0" ind2="7">
      <marc:subfield code="a">Lutte contre la pollution</marc:subfield>
      <marc:subfield code="2">gcpds</marc:subfield>
    </marc:datafield>
    <marc:datafield tag="691" ind1="0" ind2="7">
      <marc:subfield code="a">Réchauffement de la planète</marc:subfield>
      <marc:subfield code="2">gcpds</marc:subfield>
    </marc:datafield>
    <marc:datafield tag="775" ind1="0" ind2="8">
      <marc:subfield code="t">Potential of including non-combustion sources of GHG emissions in a domestic emissions trading program / </marc:subfield>
      <marc:subfield code="w">(CaOODSP)9.577183</marc:subfield>
    </marc:datafield>
    <marc:datafield tag="776" ind1="0" ind2="#">
      <marc:subfield code="t">Possibilité d'ajouter à un programme national d'échange de droits d'émission des sources d'émissions de GES qui ne proviennent pas de la combustion / </marc:subfield>
      <marc:subfield code="w">(CaOODSP)9.625344</marc:subfield>
    </marc:datafield>
    <marc:datafield tag="830" ind1="#" ind2="0">
      <marc:subfield code="a">Droits d'échange d'émission nationaux des gaz à effet de serre, série de documents techniques.</marc:subfield>
      <marc:subfield code="w">(CaOODSP)9.503944</marc:subfield>
    </marc:datafield>
    <marc:datafield tag="856" ind1="4" ind2="0">
      <marc:subfield code="a">http://publications.gc.ca</marc:subfield>
      <marc:subfield code="q">PDF</marc:subfield>
      <marc:subfield code="s">9470 Ko</marc:subfield>
      <marc:subfield code="u">https://publications.gc.ca/collections/collection_2013/trnee-nrtee/En133-5-8-1999-fra.pdf</marc:subfield>
    </marc:datafield>
  </marc:record>
</marc:collection>
